[Event "Olympiad Women 2024"]
[Site "Budapest HUN"]
[Date "2024.09.22"]
[Round "11.39"]
[Board "4"]
[White "Ruba Al-Qudah"]
[Black "Avelino, Camila Biscaya"]
[Result "1-0"]
[WhiteElo "1937"]
[BlackElo "1843"]
[PlyCount "71"]
[EventDate "2024.09.11"]
[WhiteTeam "Jordan"]
[BlackTeam "Portugal"]
[WhiteTeamCountry "JOR"]
[BlackTeamCountry "POR"]

1. Nf3 Nf6 2. g3 g6 3. Bg2 Bg7 4. O-O O-O 5. d4 d6 6. Nc3 Nbd7 7. e4 e5 8. dxe5 dxe5 9. h3 c6 10. Be3 ({RR} 10. a4 Qc7 11. Be3 a5 12. Qd2 Re8 13. Rfd1 Bf8 {½-½ Vysochin,S (2511)-Malakhatko,V (2564) Pavlograd 2000 (9)}) 10... Qe7 11. Qe2 ({RR} 11. Nd2 b5 12. a3 Nc5 13. f4 Rd8 14. Qf3 Ne6 15. Qf2 Nd4 16. Nb3 Nxb3 17. cxb3 Be6 18. b4 Bc4 19. Rfe1 Nh5 20. Bc5 Qc7 21. f5 Bh6 22. Rad1 Bb3 23. Rxd8+ Rxd8 24. Be3 Bxe3 25. Qxe3 Qb6 {0-1 Skaric,D (2277)-Piesik,P (2415) Titled Tue 9th Jul Early 2024 (3)}) 11... Qb4 $146 ({RR} 11... b5 12. Nh2 a5 13. Rfd1 Nc5 14. a3 Be6 15. Nd5 cxd5 16. exd5 Nxd5 17. Bxd5 Rab8 18. Bxc5 Qxc5 19. Bxe6 fxe6 {½-½ Rossetto,H-Gligoric,S Asuncion 1960 (2)}) ({RR} 11... Nh5 12. Rad1 Nb6 13. b3 h6 14. a4 Be6 15. a5 Nd7 16. Na4 f5 17. exf5 gxf5 18. Nxe5 Nxg3 19. fxg3 Bxe5 20. Qf2 Qg7 21. Bf4 Bxf4 22. Qxf4 Nf6 23. Nc5 Bc8 24. Kh2 Kh8 25. c4 Rg8 26. Rd6 {1-0 De Freitas,M-Asfora,E BRA-ch Brasilia 1964 (12)}) ({RR} 11... Re8 12. Rfd1 Nh5 13. Nd2 b5 14. Nb3 a5 15. a4 b4 16. Nb1 Bf8 17. N1d2 Ba6 18. Qf3 c5 19. Bf1 Bxf1 20. Kxf1 Qe6 21. Qg4 Qc6 22. Qe2 Nb6 23. Qb5 Qe6 24. Kg2 Reb8 25. Nxc5 Bxc5 26. Qxc5 {1-0 Parr,F-Littlewood,J British CF-53 Championship 1966 (3)}) 12. Bc1 Re8 13. a3 Qa5 14. b4 Qc7 15. Bb2 Nb6 16. Rfd1 Be6 17. Nd2 Rad8 18. a4 Rd4 19. a5 Nc4 20. Nxc4 Bxc4 21. Qe1 Bf8 22. Rxd4 exd4 23. Na4 Qe7 24. Bxd4 Nxe4 25. Nb2 Ba6 26. Nd3 Bg7 27. Bxg7 Kxg7 28. Kh2 Qf6 29. Bxe4 Rxe4 30. Qxe4 Bxd3 31. Qe1 Bxc2 32. Rc1 Ba4 33. Qe3 Qb2 34. Rc4 Bb3 35. Rh4 h5 36. Qxa7 1-0

[Event "Olympiad Women 2024"]
[Site "Budapest HUN"]
[Date "2024.09.22"]
[Round "11.40"]
[Board "1"]
[White "Marape, Naledi"]
[Black "Shuqja, Klean"]
[Result "0-1"]
[WhiteElo "1926"]
[BlackElo "2042"]
[PlyCount "108"]
[EventDate "2024.09.11"]
[WhiteTeam "Botswana"]
[BlackTeam "Albania"]
[WhiteTeamCountry "BOT"]
[BlackTeamCountry "ALB"]

1. e4 c6 2. d4 d5 3. exd5 cxd5 4. Bd3 Nc6 5. c3 Qc7 6. Qb3 Nf6 7. Bg5 e6 8. Nd2 Be7 ({RR} 8... Bd6 9. Ngf3 h6 10. Bh4 O-O 11. O-O Na5 12. Qc2 Nc4 13. Bxc4 dxc4 14. Qa4 g5 15. Bg3 Bxg3 16. fxg3 Bd7 17. Qxc4 Qxc4 18. Nxc4 Bb5 19. Nfe5 Nd7 20. Nxd7 Bxd7 21. Ne5 Be8 22. Rf6 Kg7 23. Raf1 {½-½ Raba,B (1802)-Swider,P (2028) Ustron Open A 2024 (1.8)}) 9. Ngf3 O-O 10. O-O a6 $146 ({RR} 10... Rb8 11. a4 a6 12. Bh4 Bd7 13. Bg3 Bd6 14. Bxd6 Qxd6 15. a5 Qe7 16. Qa3 Na7 17. Rfe1 Bb5 18. Bc2 Nc8 19. Rac1 Nd6 20. b3 Rfc8 21. Ne5 Qd8 22. c4 Be8 23. Bb1 Qe7 24. Qa1 Rc7 25. Qc3 {1-0 Dauletova,G (2122)-Untila,S (2065) Wch U18 Girls 2005 (8)}) ({RR} 10... h6 11. Bh4 Na5 12. Qc2 Nc4 13. Bg3 Bd6 14. Bxc4 Bxg3 15. hxg3 dxc4 16. Qa4 Bd7 17. Qxc4 Qxc4 18. Nxc4 Bb5 19. Nfd2 Rfc8 20. Nd6 Bxf1 21. Nxc8 Bxg2 22. Nxa7 Bd5 23. Nb5 Ra5 24. a4 Bc6 25. Nb3 {1-0 Vrana,F (2267)-Bombek,P (2279) SVK-chT 9900 1999 (3)}) ({RR} 10... h6 11. Bh4 a6 12. a4 b6 13. Rae1 Na5 14. Qc2 Bb7 15. Ne5 Rac8 16. f4 Nc6 17. Qd1 b5 18. axb5 axb5 19. Bxb5 Qb6 20. Qe2 Rfe8 21. Bxf6 Bxf6 22. Nd7 Qd8 23. Nxf6+ Qxf6 24. Nf3 Red8 25. Ne5 {½-½ Kuhn,G (2048)-Schuurman,P (2279) Bad Zwesten op 10th 2006 (4)}) 11. Rae1 b5 12. Qd1 Ne8 13. Bxe7 Qxe7 14. Ne5 Nxe5 15. dxe5 g6 16. Re3 b4 17. Rh3 bxc3 18. bxc3 a5 19. Qe2 Nc7 20. Qe3 Ba6 21. Bxa6 Rxa6 22. Nf3 f5 23. exf6 Qxf6 24. Ng5 h5 25. f4 Rc6 26. Qd3 Qf5 27. Qe2 Rc4 28. Rhf3 Nb5 29. Qe1 Re8 30. g3 Nd6 31. Re3 Ne4 32. Nf3 Rec8 33. Nd4 Qf7 34. Nf3 Qf6 35. Nd2 Nxd2 36. Qxd2 Rxc3 37. Rxc3 Qxc3 38. Qe2 Qd4+ 39. Kh1 Kf7 40. Re1 Rc6 41. Qb5 Qb6 42. Qe2 Qa6 43. Qf3 Qc4 44. g4 Qc3 45. Qe2 hxg4 46. Rf1 Qc4 47. Qf2 Qe4+ 48. Kg1 Rc2 49. Qg3 Qd4+ 50. Kh1 Qc4 51. Re1 Rc1 52. Rg1 Qe4+ 53. Qg2 Qxg2+ 54. Kxg2 Rxg1+ 0-1

[Event "Olympiad Women 2024"]
[Site "Budapest HUN"]
[Date "2024.09.22"]
[Round "11.40"]
[Board "2"]
[White "Caku, Kler"]
[Black "Gabatshwarwe Refilwe"]
[Result "1-0"]
[WhiteElo "1859"]
[BlackElo "1787"]
[PlyCount "89"]
[EventDate "2024.09.11"]
[WhiteTeam "Albania"]
[BlackTeam "Botswana"]
[WhiteTeamCountry "ALB"]
[BlackTeamCountry "BOT"]

1. e4 e5 2. Nf3 Nc6 3. Nc3 Nf6 4. Bb5 Bc5 5. Bxc6 dxc6 6. d3 Qe7 7. h3 h6 ({RR} 7... b6 8. a3 h6 9. Qe2 Bd7 10. Be3 Bxe3 11. fxe3 O-O-O 12. Qf2 Ne8 13. Qg3 f6 14. Nh4 Rg8 15. Nf5 Bxf5 16. exf5 Nd6 17. e4 Qf7 18. Qf2 g6 19. fxg6 Qxg6 20. g4 h5 21. O-O-O hxg4 22. hxg4 {1-0 Carlsen,M (2863)-Giri,A (2764) Chessable Masters Final rapid 2020 (3.12)}) 8. Qe2 Bd7 $146 ({RR} 8... Nd7 9. Be3 Bb4 10. a3 Bd6 11. Nd2 Nf8 12. Nc4 Ng6 13. O-O O-O 14. Qh5 Bc5 15. Ne2 Bxe3 16. Nxe3 Qf6 17. Kh1 Be6 18. a4 a5 19. b3 b6 20. Rae1 Rad8 21. Kh2 Qg5 22. Qf3 f6 23. Qg3 {1-0 Grischuk,A (2777)-Firouzja,A (2749) Levitov Christmas Online Final blitz 2020 (4.7)}) ({RR} 8... a5 9. Be3 Bxe3 10. fxe3 a4 11. a3 c5 12. O-O Bd7 13. Nd5 Nxd5 14. exd5 e4 15. Nd2 exd3 16. cxd3 O-O 17. e4 c6 18. dxc6 Bxc6 19. Rae1 Rad8 20. Rf3 Qe5 21. Nc4 Qd4+ 22. Kh2 b5 23. Na5 {0-1 Gabrielian,A (2442)-Dubov,D (2708) Titled Tue 16th Jan Early 2024 (3)}) ({RR} 8... O-O 9. g4 b5 10. g5 hxg5 11. Bxg5 Re8 12. O-O-O a5 13. Rdg1 a4 14. Nh4 b4 15. Qf3 Kh8 16. Ne2 b3 17. a3 bxc2 18. Ng3 Bxa3 19. Bxf6 Bxb2+ 20. Kxc2 Qc5+ 21. Kd2 Qc3+ 22. Ke2 Qc2+ 23. Kf1 {1-0 Harsha,B (2599)-Khamdamova,A (2143) Titled Tue 10th Jan Early 2023 (3)}) 9. Nd1 Bb6 10. a4 a5 11. Bd2 Nh7 12. Bc3 f6 13. Ne3 Bxe3 14. Qxe3 c5 15. b3 b6 16. Nd2 Nf8 17. f4 exf4 18. Qxf4 Ne6 19. Qf2 O-O-O 20. O-O-O Bc6 21. Rhe1 Rhf8 22. Kb2 Kb8 23. Nf3 Rd7 24. Nh4 Qf7 25. Nf5 Rfd8 26. Ne3 Qg6 27. Nc4 Bb7 28. e5 Nd4 29. Rd2 Re7 30. Bxd4 cxd4 31. Rde2 Ba6 32. exf6 Rxe2 33. Rxe2 Bxc4 34. bxc4 gxf6 35. Re6 Rf8 36. Qf4 Kb7 37. g4 h5 38. Qxd4 hxg4 39. hxg4 Qg5 40. Qe4+ Kb8 41. Qf5 Qd2 42. Qb5 Rh8 43. c5 Rh2 44. Re8+ Kb7 45. c6+ 1-0

[Event "Olympiad Women 2024"]
[Site "Budapest HUN"]
[Date "2024.09.22"]
[Round "11.40"]
[Board "3"]
[White "Banda Natalie Katlo"]
[Black "Shabanaj, Eglantina"]
[Result "1/2-1/2"]
[WhiteElo "1893"]
[BlackElo "1957"]
[PlyCount "94"]
[EventDate "2024.09.11"]
[WhiteTeam "Botswana"]
[BlackTeam "Albania"]
[WhiteTeamCountry "BOT"]
[BlackTeamCountry "ALB"]

1. d4 d5 2. Nf3 e6 3. e3 Nf6 4. Nbd2 b6 5. c3 Be7 ({RR} 5... Bb7 6. Bd3 Ne4 7. Qc2 f5 8. Ne5 Bd6 9. O-O O-O 10. f3 Nxd2 11. Bxd2 Nd7 12. Nxd7 Qxd7 13. e4 g6 14. exd5 exd5 15. Bh6 Rfe8 16. Rae1 Re7 17. Bg5 Rxe1 18. Rxe1 Re8 19. Rxe8+ Qxe8 20. Qd2 {1-0 Wueest,A (2234)-Dmitrenko,V (2395) Titled Tue 6th Feb Early 2024 (9)}) 6. Bd3 Bb7 7. O-O Nbd7 8. Qc2 $146 ({RR} 8. Re1 O-O 9. e4 dxe4 10. Nxe4 Nxe4 11. Bxe4 Bxe4 12. Rxe4 Nf6 13. Re1 c5 14. Be3 Qc7 15. h3 Rfe8 16. Qe2 Qb7 17. Rad1 h6 18. dxc5 bxc5 19. Bc1 Nd5 20. c4 Nb4 21. b3 Qa6 22. a3 Nc6 {1-0 Senesi,G (1679)-Arias Castanedo,J (1858) World Amateur-ch U2000 2018 (1)}) 8... c5 9. e4 c4 10. Be2 Nxe4 11. Nxe4 dxe4 12. Nd2 Nf6 13. Bxc4 O-O 14. Re1 Rc8 15. Qd1 Nd5 16. Bb3 f5 17. f3 e3 18. Bxd5 Qxd5 19. Rxe3 Rf6 20. Re5 Qd7 21. Nf1 Bd6 22. Re1 Rg6 23. a4 a5 24. Kf2 Qc7 25. g3 h5 26. f4 h4 27. Qd3 Qc6 28. d5 Qxd5 29. Qxd5 Bxd5 30. Be3 Rc6 31. Nd2 e5 32. Rg1 hxg3+ 33. hxg3 Rg4 34. Nf3 exf4 35. gxf4 Bxf4 36. Rxg4 Bxe3+ 37. Kxe3 fxg4 38. Ne5 Re6 39. Kd4 Bf3 40. b4 Bd1 41. Kd5 Bb3+ 42. c4 Rf6 43. bxa5 bxa5 44. Nxg4 Rb6 45. Ne5 Rb4 46. Nc6 Rxc4 47. Nxa5 Rxa4+ 1/2-1/2

[Event "Olympiad Women 2024"]
[Site "Budapest HUN"]
[Date "2024.09.22"]
[Round "11.40"]
[Board "4"]
[White "Omeri, Eklea"]
[Black "Rebatenne, Boitshepo"]
[Result "1-0"]
[WhiteElo "1962"]
[BlackElo "1696"]
[PlyCount "89"]
[EventDate "2024.09.11"]
[WhiteTeam "Albania"]
[BlackTeam "Botswana"]
[WhiteTeamCountry "ALB"]
[BlackTeamCountry "BOT"]

1. d4 d5 2. c4 c6 3. Nc3 Nf6 4. cxd5 cxd5 5. Nf3 Bf5 6. Qb3 Qb6 7. Nxd5 Nxd5 8. Qxd5 e6 9. Qc4 Nc6 10. a3 ({RR} 10. e3 Bb4+ 11. Nd2 O-O 12. Bd3 Rac8 13. Bxf5 exf5 14. Qd3 Ne5 15. Qxf5 Qb5 16. dxe5 Rfd8 17. a4 Qa6 18. Qb1 Rxc1+ 19. Qxc1 Bxd2+ 20. Qxd2 Rxd2 21. Kxd2 Qa5+ 22. Ke2 Qxe5 23. Rad1 Qxb2+ 24. Rd2 Qf6 {1-0 Agasarov,B (2037)-Milosevic,M (2379) Titled Tuesday intern op 27th Sep Early blitz 2022 (2)}) 10... Be7 11. e3 O-O 12. b4 $146 ({RR} 12. Qb5 Rac8 13. Bd2 Qxb5 14. Bxb5 a6 15. Be2 Rfd8 16. Bc3 Bf6 17. O-O Ne7 18. Rac1 Nd5 19. Bd2 Bc2 20. Ne1 Bb3 21. Nd3 Be7 22. Rxc8 Rxc8 23. Rc1 Rxc1+ 24. Nxc1 Bc2 25. Kf1 Nf6 26. Bd3 Ne4 {1-0 Solberg,J (2270)-Nielsen,J (1836) Politiken Cup 37th 2015 (1)}) 12... Rac8 13. Qb5 Qc7 14. Bd2 a6 15. Qa4 Na7 16. Qb3 Bc2 17. Qb2 Ba4 18. Bd3 Qd6 19. O-O f5 20. Rac1 Bc6 21. Ne5 Bd5 22. Rxc8 Rxc8 23. Rc1 Rc7 24. f3 b5 25. Rxc7 Qxc7 26. Qc2 Qxc2 27. Bxc2 Bb7 28. Bb3 Bc8 29. d5 exd5 30. Bxd5+ Kf8 31. Bc3 Bf6 32. f4 Ke7 33. Bd4 Kd6 34. Ba8 g6 35. Bxa7 Bxe5 36. fxe5+ Kxe5 37. Bb8+ Kf6 38. Bd5 g5 39. Bd6 h6 40. Kf2 h5 41. Ke2 h4 42. g3 hxg3 43. hxg3 Kg6 44. Kd3 Kf6 45. Kd4 1-0

[Event "Olympiad Women 2024"]
[Site "Budapest HUN"]
[Date "2024.09.22"]
[Round "11.41"]
[Board "1"]
[White "Varela La Madrid, Tilsia Carolina"]
[Black "Morales Santos, Natasha"]
[Result "1/2-1/2"]
[WhiteElo "2017"]
[BlackElo "1972"]
[PlyCount "88"]
[EventDate "2024.09.11"]
[WhiteTeam "Venezuela"]
[BlackTeam "Puerto Rico"]
[WhiteTeamCountry "VEN"]
[BlackTeamCountry "PUR"]

1. e4 c5 2. c3 Nf6 3. e5 Nd5 4. Nf3 e6 5. Bc4 d6 6. d4 cxd4 7. cxd4 Be7 8. O-O O-O 9. Qe2 b6 10. Rd1 Bb7 11. Nc3 Nxc3 12. bxc3 Qc8 $146 ({RR} 12... Qc7 13. Bd2 Nc6 14. exd6 Bxd6 15. Bd3 Ne7 16. h3 Ng6 17. Ng5 Bf4 18. Qh5 Bxg5 19. Qxg5 Qc6 20. Re1 Rad8 21. Re3 Rd5 22. Qg3 Rd7 23. h4 Qd5 24. f3 Qh5 25. Bxg6 Qxg6 26. Qh3 Bd5 27. Rae1 {1-0 Moral Garcia,S (2238)-Chirivi C,Y (2159) Titled Tue 9th May Late 2023 (4)}) ({RR} 12... Qc7 13. Bf4 Nd7 14. Bd3 Bxf3 15. Qxf3 dxe5 16. dxe5 Nc5 17. Bc2 Rad8 18. h4 Rxd1+ 19. Rxd1 Rd8 20. h5 Rxd1+ 21. Qxd1 g6 22. h6 Nd7 23. Qf3 Nxe5 24. Qa8+ Bf8 25. Bb3 Qxc3 26. Qe4 Ng4 27. g3 {0-1 Paichadze,L (2565)-Matlakov,M (2688) Titled Tuesday intern op 11th May blitz 2021 (6)}) ({RR} 12... Qc7 13. Bd3 Nd7 14. Bf4 dxe5 15. Nxe5 Nxe5 16. Bxe5 Bd6 17. Bxh7+ Kxh7 18. Qh5+ Kg8 19. Bxg7 Kxg7 20. Qg5+ Kh8 21. Rd3 f6 22. Rh3+ Qh7 23. Rxh7+ Kxh7 24. Qh5+ Kg7 25. Qg4+ Kf7 26. c4 Rh8 27. d5 {1-0 Gong Qianyun (2250)-Deng,H (2338) Titled Tue 13th Aug Early 2024 (8)}) ({RR} 12... dxe5 13. Nxe5 Nc6 14. Nxc6 Bxc6 15. Bxe6 Bxg2 16. Kxg2 fxe6 17. Qxe6+ Kh8 18. Rd3 Bh4 19. Be3 Qc7 20. d5 Rae8 21. d6 Rxe6 22. dxc7 Rc6 23. Rd7 Kg8 24. Rad1 Bf6 25. Bd4 Bxd4 26. R1xd4 Rxc3 27. Rd3 {1-0 Hresc,V (2375)-Eppinger,G Mendrisio op 1985}) 13. Bd3 Nd7 14. Bf4 Bxf3 15. Qxf3 dxe5 16. dxe5 Nc5 17. Bc2 Qc7 18. Rd4 Rfd8 19. Rad1 Rac8 20. h4 Nb7 21. Be4 Na5 22. h5 Nc6 23. Bxc6 Rxd4 24. Rxd4 Qxc6 25. Qxc6 Rxc6 26. Rd7 Kf8 27. Rxa7 f5 28. Be3 Bc5 29. Bg5 b5 30. Rb7 Ba3 31. h6 gxh6 32. Bxh6+ Ke8 33. Rxb5 Rxc3 34. Rb3 Rxb3 35. axb3 Kd7 36. Bd2 Kc6 37. Kf1 Bb2 38. f4 Kd5 39. Ke2 Ke4 40. Kf2 Kd3 41. Ba5 Bc1 42. Kf3 h5 43. b4 Bd2 44. g3 Be1 1/2-1/2

[Event "Olympiad Women 2024"]
[Site "Budapest HUN"]
[Date "2024.09.22"]
[Round "11.41"]
[Board "2"]
[White "Rivera Negron, Yanira"]
[Black "Otazo Sanchez, Annyd Gabriela"]
[Result "0-1"]
[WhiteElo "1805"]
[BlackElo "1976"]
[PlyCount "76"]
[EventDate "2024.09.11"]
[WhiteTeam "Puerto Rico"]
[BlackTeam "Venezuela"]
[WhiteTeamCountry "PUR"]
[BlackTeamCountry "VEN"]

1. d4 Nf6 2. c4 d6 3. Nc3 e5 4. dxe5 dxe5 5. Qxd8+ Kxd8 6. Bg5 Be6 7. O-O-O+ Nbd7 ({RR} 7... Kc8 8. Nf3 Bc5 9. Bxf6 gxf6 10. e3 Nd7 11. g3 a5 12. Nh4 Bb4 13. Kc2 Nc5 14. f3 c6 15. Be2 Kc7 16. Rhf1 Rhb8 17. Ne4 b5 18. a3 Nxe4 19. fxe4 Bc5 20. cxb5 cxb5 21. Rxf6 Bxe3 22. Bh5 {0-1 Roussel Roozmon,T (2487)-Bacrot,E (2721) Montreal 10th 2009 (3)}) 8. e4 ({RR} 8. Nf3 Kc8 9. g3 Ng4 10. Be3 Nxe3 11. fxe3 Bc5 12. Kb1 Bxe3 13. Nd5 Bc5 14. Ng5 Bf5+ 15. e4 Bg6 16. Bh3 Rd8 17. Rhe1 c6 18. Nc3 Kc7 19. b4 Bxb4 20. Rd3 Nc5 21. Rxd8 Rxd8 22. Re3 h6 {0-1 Adithya A Chullikkad (2215)-Petre,N (2303) Titled Tue 7th May Early 2024 (7)}) 8... c6 $146 ({RR} 8... Kc8 9. f3 c6 10. Be3 Bc5 11. Bxc5 Nxc5 12. g4 a5 13. b3 Kc7 14. h4 h5 15. g5 Nh7 16. Nge2 Nf8 17. f4 exf4 18. Nxf4 Nfd7 19. Nxe6+ fxe6 20. Bh3 Ne5 21. Kc2 Raf8 22. Rhf1 Ng6 23. Ne2 {0-1 Mitev,V (2246)-Spasov,V (2492) BUL-ch 84th Sofia 2020 (9)}) ({RR} 8... Bc5 9. f3 c6 10. Kc2 Ke8 11. b3 h6 12. Bc1 Ke7 13. Nge2 Rhc8 14. Kb2 a5 15. Ng3 Kf8 16. Bd3 Be7 17. Nf5 Bxf5 18. exf5 Nc5 19. Bc2 Rd8 20. Rhe1 Rxd1 21. Rxd1 a4 22. bxa4 Ne8 23. Be3 {0-1 Skinner,N (1905)-Shephard,C (2214) GBR-ch 65+ 106th 2019 (2)}) ({RR} 8... Bc5 9. f3 Kc8 10. Nd5 a5 11. Ne2 Ne8 12. Nec3 f6 13. Bd2 c6 14. Ne3 Nb6 15. b3 Nc7 16. Be2 Bd7 17. Nc2 Ne6 18. Be3 Kc7 19. Rd2 Rad8 20. Rhd1 Bc8 21. Rxd8 Rxd8 22. Rxd8 Kxd8 23. Bxc5 {½-½ Tavcar,R (2069)-Borisenko,G (2312) Wch Seniors 08th 1998 (3)}) 9. f3 Kc7 10. b3 Bb4 11. Bd2 Nc5 12. Kb2 Rhd8 13. a3 Bxc3+ 14. Kxc3 Ncxe4+ 15. fxe4 Nxe4+ 16. Kc2 Nf2 17. Nf3 Nxh1 18. Be3 Rxd1 19. Kxd1 Bg4 20. Ke1 Rd8 21. Be2 f6 22. Nd2 Bxe2 23. Kxe2 b6 24. Ne4 h6 25. Nd2 f5 26. Nf3 f4 27. Bc1 g5 28. Bb2 e4 29. Nd4 Kb7 30. b4 e3 31. Bc3 Nf2 32. g3 Ne4 33. Ba1 c5 34. bxc5 bxc5 35. Nf5 Rd2+ 36. Ke1 Rxh2 37. Be5 f3 38. Nxe3 Re2+ 0-1

[Event "Olympiad Women 2024"]
[Site "Budapest HUN"]
[Date "2024.09.22"]
[Round "11.41"]
[Board "3"]
[White "Perez Hernandez, Vicmary C."]
[Black "Vega Jimenez, Keyshla M."]
[Result "1-0"]
[WhiteElo "1960"]
[BlackElo "1769"]
[PlyCount "109"]
[EventDate "2024.09.11"]
[WhiteTeam "Venezuela"]
[BlackTeam "Puerto Rico"]
[WhiteTeamCountry "VEN"]
[BlackTeamCountry "PUR"]

1. e4 e6 2. d4 d5 3. Nd2 Nf6 4. e5 Nfd7 5. Bd3 c5 6. c3 Nc6 7. Ngf3 Be7 8. O-O O-O 9. Re1 Qb6 ({RR} 9... f5 10. exf6 Nxf6 11. Ne5 cxd4 12. Nxc6 bxc6 13. cxd4 c5 14. Nf3 cxd4 15. Nxd4 Bc5 16. Nf3 Rb8 17. Qc2 Bd6 18. Bg5 Qc7 19. Qxc7 Bxc7 20. Rac1 Ba5 21. Re2 Bd7 22. Ne5 Bb5 23. Bxb5 Rxb5 24. Bxf6 {1-0 Neuhoff,L (2003)-Ivanov,M (2374) 39th ChessOrg Open 2024 (1.15)}) 10. Nf1 cxd4 11. cxd4 Qd8 $146 ({RR} 11... f6 12. exf6 Nxf6 13. Bg5 Bd6 14. Bh4 Kh8 15. Bc2 Bd7 16. a3 Rae8 17. Qd3 Ne4 18. Ng3 e5 19. Nxe4 dxe4 20. Qxe4 Bf5 21. Qd5 Bxc2 22. Qxd6 exd4 23. b4 d3 24. Rxe8 Rxe8 25. Re1 Rg8 26. Qd7 {1-0 Torres Gonzalez,J (2221)-Pulvett Grillet,R Feria del Orinoco op 2001 (6)}) ({RR} 11... g6 12. Bc2 f6 13. exf6 Nxf6 14. Ba4 Ne4 15. Bxc6 bxc6 16. Ng3 c5 17. Be3 Qxb2 18. dxc5 Nxc5 19. Bd4 Qa3 20. Rc1 Rf4 21. Ne5 Ba6 22. Rc3 Qb2 23. Nc6 Bd6 24. Nh5 Rxf2 25. Rg3 Be2 26. Nf6+ {0-1 Nedev,T (2487)-Lputian,S (2598) Olympiad-34 Istanbul 2000 (14.2)}) ({RR} 11... Nb4 12. Bb1 a5 13. a3 Nc6 14. Ng3 f6 15. exf6 Nxf6 16. Qd3 g6 17. Bh6 Re8 18. Re2 Bf8 19. Bxf8 Rxf8 20. h4 Qa6 21. Qe3 Bd7 22. h5 Kg7 23. hxg6 hxg6 24. Qg5 Ne4 25. Rxe4 dxe4 26. Bxe4 {1-0 Craig,G (2026)-Costa,P (1976) Titled Tuesday intern op 4th Aug blitz 2015 (9)}) 12. Bb1 Re8 13. Ng3 Nf8 14. a3 Bd7 15. b4 Rc8 16. Qd2 f6 17. exf6 Bxf6 18. Ne5 Re7 19. Bb2 Be8 20. Ng4 Bh4 21. Qe3 Bg6 22. Bxg6 Nxg6 23. Nh5 Re8 24. g3 Bg5 25. f4 Bh4 26. Rac1 Nf8 27. gxh4 Qxh4 28. Qg3 Qxg3+ 29. Nxg3 Ng6 30. f5 Nf4 31. Nf2 exf5 32. b5 Na5 33. Rxc8 Rxc8 34. Bc1 Ng6 35. Nxf5 Kf8 36. Nd6 Rd8 37. Bd2 Nc4 38. Nxb7 Rb8 39. Bb4+ Kg8 40. Nd6 Nxd6 41. Bxd6 Rxb5 42. Nh3 h6 43. Nf4 Nh4 44. Re8+ Kh7 45. Bc5 a6 46. Kf2 Nf5 47. Re5 Rb2+ 48. Re2 Rb5 49. a4 Rb1 50. Nxd5 Ra1 51. Nb6 Rd1 52. d5 Rd3 53. Re5 Nh4 54. d6 Ng6 55. Rd5 1-0

[Event "Olympiad Women 2024"]
[Site "Budapest HUN"]
[Date "2024.09.22"]
[Round "11.42"]
[Board "1"]
[White "Lindiawati, Evi"]
[Black "Shibata, Misaki"]
[Result "1-0"]
[WhiteElo "1940"]
[BlackElo "1847"]
[PlyCount "75"]
[EventDate "2024.09.11"]
[WhiteTeam "Indonesia"]
[BlackTeam "Japan"]
[WhiteTeamCountry "INA"]
[BlackTeamCountry "JPN"]

1. c4 e6 2. Nc3 Nf6 3. g3 d5 4. cxd5 exd5 5. d4 c6 6. Bg2 Bd6 7. Nf3 O-O 8. Bg5 ({RR} 8. Bf4 Re8 9. e3 Bxf4 10. gxf4 Ne4 11. Nxe4 dxe4 12. Ne5 Bf5 13. O-O Nd7 14. Qb3 Re7 15. Rfc1 Nb6 16. Qd1 f6 17. Nc4 Nd5 18. Kh1 Qd7 19. Qb3 Kh8 20. Qa3 Rg8 21. Rg1 g5 22. fxg5 Rxg5 {1-0 Jobava,B (2712)-Kanmazalp,O (2448) Reykjavik op 2017 (4)}) ({RR} 8. h3 Re8 9. O-O Bf5 10. Nh4 Be4 11. Nxe4 Nxe4 12. Nf5 Bf8 13. Qb3 Qb6 14. Qxb6 axb6 15. Bf4 Nd7 16. Bd6 Nxd6 {0-1 Mazariego,C (1878)-Goncharov,V (2077) Titled Tue 21st May Early 2024 (3)}) 8... h6 9. Bf4 b6 $146 ({RR} 9... Bxf4 10. gxf4 Bf5 11. Ne5 Na6 12. a3 Ng4 13. Nxg4 Bxg4 14. Qd2 Re8 15. O-O-O b5 16. b4 Nc7 17. Rhg1 Qh4 18. f3 Bh5 19. f5 Qf2 20. Bh3 Qe3 21. f6 Qxd2+ 22. Kxd2 Ne6 23. Bxe6 Rxe6 24. fxg7 {½-½ Nemeika,V-Kovalev,E (2220) Kostroma Volga Cup op 2010 (4)}) ({RR} 9... Bxf4 10. gxf4 Bf5 11. Qb3 Qb6 12. Qxb6 axb6 13. O-O Nbd7 14. Nh4 Bh7 15. Rfe1 Rfe8 16. Bh3 b5 17. a3 Nb6 18. Bf5 Nc4 19. Rab1 Bxf5 20. Nxf5 Ne4 21. Nxe4 Rxe4 22. e3 Nd2 23. Ng3 Ree8 24. Kg2 {0-1 Richter,M (1615)-Schulte,R (1718) Steinfurt Bezirksliga 1314 2013 (6.5)}) 10. e3 Ba6 11. Qc2 c5 12. O-O-O c4 13. e4 Bb4 14. Nxd5 Nxd5 15. exd5 b5 16. Ne5 Bd6 17. Nc6 Qc7 18. Bxd6 Qxd6 19. Qf5 Nd7 20. Qf4 Qf6 21. Qxf6 Nxf6 22. Rhe1 Bb7 23. Re7 Bc8 24. Rxa7 Bg4 25. Re1 Rfe8 26. Rxe8+ Rxe8 27. Ne5 Bh5 28. d6 Kf8 29. Bc6 Rb8 30. Nd7+ Nxd7 31. Rxd7 b4 32. Rb7 Rxb7 33. Bxb7 Ke8 34. Bc6+ Kd8 35. a4 bxa3 36. bxa3 Bg6 37. Kd2 Bf5 38. Kc3 1-0

[Event "Olympiad Women 2024"]
[Site "Budapest HUN"]
[Date "2024.09.22"]
[Round "11.42"]
[Board "2"]
[White "Kinoshita, Kanako"]
[Black "Nugroho, Angel Ruth"]
[Result "1/2-1/2"]
[WhiteElo "1822"]
[BlackElo "1939"]
[PlyCount "89"]
[EventDate "2024.09.11"]
[WhiteTeam "Japan"]
[BlackTeam "Indonesia"]
[WhiteTeamCountry "JPN"]
[BlackTeamCountry "INA"]

1. e4 c6 2. d4 d5 3. Nc3 dxe4 4. Nxe4 Nf6 5. Nxf6+ exf6 6. c3 Bd6 7. Bd3 O-O 8. Ne2 Re8 9. Qc2 h6 10. O-O Qc7 11. f4 ({RR} 11. Ng3 Nd7 12. Be3 Nf8 13. Rae1 Be6 14. Qd2 Bxg3 15. hxg3 Bxa2 16. c4 b5 17. cxb5 Bd5 18. Rc1 Qb7 19. Qa5 Red8 20. bxc6 Bxc6 21. Ba6 Qd7 22. Rfd1 Bd5 23. b4 Qg4 24. Re1 Ne6 25. Be2 Qg6 {½-½ Sjugirov,S (2663)-Li,C (2724) CHN-RUS Summit Men 11th 2018 (2.1)}) ({RR} 11. Ng3 c5 12. d5 c4 13. Bh7+ Kh8 14. Bd2 Na6 15. Rfe1 Bd7 16. Bf5 Nc5 17. b3 Bxg3 18. hxg3 cxb3 19. axb3 Bxf5 20. Qxf5 Nxb3 21. Rxe8+ Rxe8 22. Re1 Rd8 23. Bxh6 Qxc3 24. Re4 gxh6 25. Qh5 Qc1+ {1-0 Sroczynski,M (2255)-Grutter,T (2350) Titled Tue 3rd Sep Early 2024 (3)}) 11... Nd7 12. Bd2 c5 $146 ({RR} 12... Nf8 13. h3 b6 14. c4 c5 15. d5 Ng6 16. Rf2 Nf8 17. Ng3 b5 18. b3 bxc4 19. bxc4 Rb8 20. Nh5 Ng6 21. Bxg6 fxg6 22. Qxg6 Kf8 23. Nxf6 gxf6 24. Qxf6+ Kg8 25. Qg6+ Kf8 26. f5 Be5 27. f6 {1-0 Czerw,D (2373)-Ristic,N (2335) RUDAR 6 IM December 2022 (9.1)}) 13. Rae1 Nf8 14. Kh1 b6 15. c4 cxd4 16. Nxd4 Rxe1 17. Rxe1 Bd7 18. Be4 Rc8 19. Nf5 Bxf5 20. Bxf5 Qxc4 21. Qxc4 Rxc4 22. g3 Bb4 23. Rc1 Rxc1+ 24. Bxc1 Ne6 25. Kg2 g6 26. Bd3 f5 27. a3 Bc5 28. h3 a5 29. Bd2 Kf8 30. b4 axb4 31. axb4 Bd4 32. g4 fxg4 33. hxg4 Ng7 34. f5 gxf5 35. Bxh6 fxg4 36. Bf5 Ke7 37. Bxg4 Ne6 38. Bd2 Kd6 39. Kf3 Ke5 40. Ke2 f5 41. Bf3 f4 42. Kd3 Ng5 43. Bxf4+ Kxf4 44. Kxd4 Nxf3+ 45. Kc4 1/2-1/2